Countries with raccoons - Statistics

General Stats
  • This quiz has been taken 16 times
  • The average score is 27 of 38
Answer Stats
Country % Correct
Canada
100%
Mexico
100%
United States
100%
Russia
93%
Spain
93%
United Kingdom
93%
France
87%
Germany
87%
Italy
87%
Norway
87%
Sweden
87%
Belize
80%
Costa Rica
80%
El Salvador
80%
Guatemala
80%
Honduras
80%
Panama
80%
Poland
80%
Belgium
73%
Denmark
73%
Ireland
73%
Nicaragua
73%
Ukraine
73%
Austria
67%
Japan
67%
Netherlands
67%
Hungary
60%
Luxembourg
60%
Switzerland
60%
Belarus
53%
Czechia
53%
Slovakia
53%
Lithuania
47%
Armenia
33%
Azerbaijan
33%
Georgia
33%
Iran
33%
Slovenia
33%
No matching quizzes found
Score Distribution
Percent of People with Each Score
Percentile by Number Answered
Your Score History
You have not taken this quiz